[Event "Ille et Vilaine-ch 1112"]
[Site "Ile et Vilaine"]
[Date "2011.12.03"]
[Round "3.24"]
[White "Renault, Gilles"]
[Black "Joyeux, Gerard"]
[Result "0-1"]
[WhiteElo "1499"]
[BlackElo "1614"]
[PlyCount "86"]
[EventDate "2012.10.??"]
[EventType "swiss"]
[EventRounds "7"]
[EventCountry "FRA"]
[SourceTitle "EXT 2014"]
[Source "ChessBase"]
[SourceDate "2013.11.20"]
[SourceVersion "1"]
[SourceVersionDate "2013.11.20"]
[SourceQuality "1"]

1. e4 c5 2. Nf3 a6 3. Bc4 e6 4. 0-0 b5 5. Be2 Bb7 6. d3 Be7 7. Bf4 Nf6 8. Nfd2 Nc6 9. c3 Rc8 10. Re1 d5 11. e5 Nd7 12. Nf3 d4 13. a4 Qb6 14. Nbd2 Rb8 15. Ne4 0-0 16. Qd2 Na5 17. Ra3 Rfd8 18. Nd6 Bc6 19. Bg3 bxa4 20. Qf4 Rf8 21. Ra2 dxc3 22. bxc3 Qd8 23. h4 Nb6 24. c4 Nb3 25. Qg4 Bxf3 26. Bxf3 Nd4 27. Be4 f5 28. Qf4 fxe4 29. Qxe4 Nf5 30. Nxf5 exf5 31. Qc6 f4 32. Qe6+ Kh8 33. h5 fxg3 34. fxg3 Bg5 35. Qg4 h6 36. e6 Qxd3 37. Rd1 Qxc4 38. Qxc4 Nxc4 39. Rxa4 Nb2 40. Rda1 Nxa4 41. Rxa4 Ra8 42. Rc4 Rfe8 43. Rxc5 Be3+ 0-1